| 000 | 00694nam a2200205 i 4500 | ||
|---|---|---|---|
| 001 | bg | ||
| 100 | 1 | _aSTYRYLSKA, Teresa | |
| 245 | 0 |
_aWieloetapowe i wielogrupowe wyrównywanie wyników pomiarów / _cTeresa Styrylska. |
|
| 260 |
_aKraków : _bPK, _c1991. |
||
| 300 |
_a164 s. ; _c24 cm. |
||
| 490 | 1 |
_aMonografia / Politechnika Krakowska im. Tadeusza Kościuszki, _x0860-097X ; _v121 |
|
| 504 | _aBibliogr. s. 66-67. | ||
| 710 | _aPolitechnika Krakowska (Kraków) | ||
| 830 | 0 |
_aMonografia (Politechnika Krakowska im. Tadeusza Kościuszki) ; _v121 |
|
| 040 | _cBPK | ||
| 041 | _apol | ||
| 080 | _a621.1.01:519.61/.65:681.322 | ||
| 942 | _cKS | ||
| 008 | s pl f |000 0 pol | ||
| 999 |
_c29989 _d29989 |
||
| 856 |
_uhttp://koha.tu.koszalin.pl/cgi-bin/koha/opac-detail.pl?biblionumber=29989 _yKatalog online BPK |
||